| 000 | 00645nam a22002297i 4500 | ||
|---|---|---|---|
| 999 |
_c168272 _d168272 |
||
| 005 | 20180821085458.0 | ||
| 007 | ta | ||
| 008 | 180711s2016 ii a|||j |||| 00| 0 tam d | ||
| 020 |
_cRM 17.64 _qpaperback |
||
| 040 |
_aPPAK _beng _cPPAK _erda |
||
| 082 |
_223 _a894.811301 |
||
| 090 |
_a894.811301 _bSOD _dK |
||
| 100 |
_aSodhi A, _eauthor |
||
| 245 |
_aPei Kadhaigal / _cSodhi A |
||
| 264 |
_aChennai, India : _bNanmoli Padhipakkam, _c2016 |
||
| 300 |
_a124 pages : _billustrations ; _c22 cm |
||
| 336 |
_2rdacontent _atext |
||
| 337 |
_2rdamedia _aunmediated |
||
| 338 |
_2rdacarrier _avolume |
||
| 650 | _aShort stories, Tamil | ||
| 942 |
_2ddc _cB |
||